| 000 | 01165cam a22003255a 4500 | ||
|---|---|---|---|
| 001 | 16964500 | ||
| 003 | OSt | ||
| 005 | 20140310182858.0 | ||
| 008 | 110916s2011 ph a b 000 0 eng | ||
| 010 | _a 2011308346 | ||
| 020 | _a9789712725586 | ||
| 040 |
_aDLC _cDLC _dDLC |
||
| 042 | _alcode | ||
| 043 | _aa-ph--- | ||
| 050 |
_aPN 4784 _b.M239 2011 |
||
| 082 |
_2FIL 327.599 _b.M239 2011 |
||
| 245 | 0 | 0 |
_aFrontlines of diplomacy _bconversations with Philippine Ambassadors : an oral history project of the Foreign Service Institute _cMalaya, J. Eduardo |
| 260 |
_aMandaluyong City, Philippines _bPublished and exclusively distributed by Anvil Pub. _cc2011 |
||
| 300 |
_axii, 283 p. _bill. _c23 cm. |
||
| 504 | _aIncludes bibliographical references. | ||
| 521 | _aCollege Students | ||
| 526 | _c1210L to 1700L | ||
| 541 | _j1 | ||
| 562 | _eFor Circulation. 1 Copy Available in the Collection | ||
| 700 | 1 | _aMalaya, J. Eduardo. | |
| 856 | 4 | 1 |
_3Table of contents only _uhttp://www.loc.gov/catdir/toc/fy12pdf02/2011308346.html |
| 906 |
_a7 _bpar _corigode _d3 _encip _f20 _gy-gencatlg |
||
| 942 |
_2lcc _cBK _kFIL |
||
| 999 |
_c17055 _d17055 |
||